000 00436nam a2200157 i 4500
001 96200
003 ES-MaACL
005 20230906181850.0
007 t|
008 050613s1968 sp ||||1| spa d
100 1 _aMaerz, Fritz.
_975384
245 1 0 _aIntroducción a la pedagogía /
_cFritz Mèarz; [tradujo Diorki].
260 _aSalamanca :
_bSígueme,
_c1968.
300 _a229 p. ;
_c22 cm.
852 _aES-MaACL
_jC-34607
_bR.67215
999 _c96200
_d96200